<?xml version="1.0" encoding="UTF-8"?>
<record
    xmlns:xsi="http://www.w3.org/2001/XMLSchema-instance"
    xsi:schemaLocation="http://www.loc.gov/MARC21/slim http://www.loc.gov/standards/marcxml/schema/MARC21slim.xsd"
    xmlns="http://www.loc.gov/MARC21/slim">

  <leader>00487nam a2200157Ia 4500</leader>
  <controlfield tag="001">6622</controlfield>
  <controlfield tag="008">260622s9999    xx            000 0 und d</controlfield>
  <datafield tag="245" ind1=" " ind2="0">
    <subfield code="a">&#x627;&#x644;&#x635;&#x646;&#x62F;&#x648;&#x642;: &#x642;&#x635;&#x635; &#x642;&#x635;&#x64A;&#x631;&#x629; &#x645;&#x646; &#x628;&#x644;&#x62F;&#x627;&#x646; &#x627;&#x644;&#x62E;&#x644;&#x64A;&#x62C; &#x627;&#x644;&#x639;&#x631;&#x628;&#x64A;&#x629;</subfield>
  </datafield>
  <datafield tag="260" ind1=" " ind2=" ">
    <subfield code="a">&#x627;&#x644;&#x634;&#x627;&#x631;&#x642;&#x629;&#x61B; </subfield>
    <subfield code="b">&#x62F;&#x627;&#x626;&#x631;&#x629; &#x627;&#x644;&#x62B;&#x642;&#x627;&#x641;&#x629; &#x648; &#x627;&#x644;&#x623;&#x639;&#x644;&#x627;&#x645;&#x61B; </subfield>
    <subfield code="c">2007</subfield>
  </datafield>
  <datafield tag="300" ind1=" " ind2=" ">
    <subfield code="a">102p;  </subfield>
    <subfield code="c">21x14cm</subfield>
  </datafield>
  <datafield tag="546" ind1=" " ind2=" ">
    <subfield code="a">Arabic</subfield>
  </datafield>
  <datafield tag="650" ind1=" " ind2=" ">
    <subfield code="a">PJ7501-8517 Arabic literature</subfield>
  </datafield>
  <datafield tag="651" ind1=" " ind2=" ">
    <subfield code="a">GCC</subfield>
  </datafield>
  <datafield tag="655" ind1=" " ind2=" ">
    <subfield code="a">Fiction &#x631;&#x648;&#x627;&#x64A;&#x629;</subfield>
    <subfield code="9">9474</subfield>
  </datafield>
  <datafield tag="942" ind1=" " ind2=" ">
    <subfield code="c">BK</subfield>
  </datafield>
  <datafield tag="999" ind1=" " ind2=" ">
    <subfield code="c">6622</subfield>
    <subfield code="d">6622</subfield>
  </datafield>
  <datafield tag="952" ind1=" " ind2=" ">
    <subfield code="0">0</subfield>
    <subfield code="1">0</subfield>
    <subfield code="4">0</subfield>
    <subfield code="7">0</subfield>
    <subfield code="8">P</subfield>
    <subfield code="a">SAFL</subfield>
    <subfield code="b">SAFL</subfield>
    <subfield code="d">2026-06-22</subfield>
    <subfield code="l">0</subfield>
    <subfield code="o">PJ7501-8517 72.44</subfield>
    <subfield code="p">6622</subfield>
    <subfield code="r">2026-06-22</subfield>
    <subfield code="w">2026-06-22</subfield>
    <subfield code="y">BK</subfield>
  </datafield>
</record>
